Sudden Death - An welches Land...denke ich nicht? - Nordamerika - Statistiken

Allgemein
  • Dieses Quiz wurde 53 mal gespielt
  • Das Durchschnittsergebnis liegt bei 4 aus 16
Answers on the Grid
Answers color-coded by a green-red scale on the quiz's grid according to % correct below.
Bahamas🇧🇸
Vereinigte Staaten🇺🇸
Mexiko🇲🇽
Belize🇧🇿
Guatemala🇬🇹
Honduras🇭🇳
El Salvador🇸🇻
Kuba🇨🇺
Costa Rica🇨🇷
Panama🇵🇦
Nicaragua🇳🇮
Kanada🇨🇦
Jamaika🇯🇲
Haiti🇭🇹
Dominikanische Republik🇩🇴
St. Kitts und Nevis🇰🇳
Dominica🇩🇲
St. Lucia🇱🇨
Antigua und Barbuda🇦🇬
St. Vincent und die Grenadinen🇻🇨
Barbados🇧🇧
Trinidad und Tobago🇹🇹
Grenada🇬🇩
 
Antwortstatistiken
Antwort % Korrekt
Kanada🇨🇦
48%
Jamaika🇯🇲
34%
Vereinigte Staaten🇺🇸
34%
Grenada🇬🇩
31%
Kuba🇨🇺
28%
Panama🇵🇦
28%
Dominica🇩🇲
24%
St. Kitts und Nevis🇰🇳
24%
Trinidad und Tobago🇹🇹
24%
Honduras🇭🇳
21%
Guatemala🇬🇹
17%
St. Lucia🇱🇨
17%
Barbados🇧🇧
10%
Belize🇧🇿
10%
Nicaragua🇳🇮
10%
Antigua und Barbuda🇦🇬
7%
Keine übereinstimmenden Quizze gefunden
Verteilung der Resultate
Anzahl Personen mit jedem Resultat
Perzentil nach korrekt beantworteten Fragen
Ihre Resultats-Entwicklung
Sie haben dieses Quiz noch nicht gespielt